El espejo = Zerkalo = The Mirror /

Hijo del poeta Arseni Tarkovski, el cineasta experimentó a los tres años de edad el abandono de su padre y creció rodeado de mujeres: su hermana, su abuela y su madre, Maya Ivanova Vishniakova, quien durante la década de 1940 –en pleno estalinismo- trabajara como correctora de galeras en una imprent...

Descrición completa

Gardado en:
Detalles Bibliográficos
Autor Principal: Tarkovski, Andrei (realización)
Outros autores: Tarkovski, Andrei (guión) (guión), Misharin, Alexander (guión) (guión), Reberg, Georgy (fotógrafo) (fotógrafo), Fomina, Nelli (vestuario) (vestuario), Feiginova, Lyudmila (montaje) (montaje), Artemyev, Eduard (música) (música), Térejova, Margarita (actuación) (actuación), Yankovski, Oleg (actuación) (actuación), Demidova, Ala (actuación) (actuación)
Formato: Deslizar
Idioma:ruso
Publicado: Moscú, Rusia : Mosfilm 1974, c1974
Series:(Russian Cinema Council Collection. Collection Directed by... Andrei Tarkovski)
Temas:
Etiquetas: Engadir etiqueta
Sen Etiquetas, Sexa o primeiro en etiquetar este rexistro!

MARC

LEADER 00000ngm^a2200000^a^4500
001 000163223
005 20250521000000.0
009 20260310100901.017
037 |a Acervo ITESO - Biblioteca 
041 |a RUS 
082 |a 891. 7  |b TAR 
100 |a Tarkovski, Andrei  |e (realización) 
240 1 4 |a [El espejo, de Andrei Tarkovski] 
245 1 3 |a El espejo =  |b Zerkalo = The Mirror /  |c Realización de A. Tarkovski. 
246 2 |a Título en México: El espejo 
246 2 |a Título en la pantalla: El espejo 
246 2 |a Título en la cubierta: The Mirror 
264 4 |a Moscú, Rusia :  |b Mosfilm  |c 1974, c1974 
264 2 |a Moscú, Rusia :  |b Russian Cinema Council [distribución]  |c 2000, c2000 
300 |a 1 DVD multirregión (102 min.) :  |b blanco y negro, color 
336 |a imagen móvil bidimensional  |b tdi  |2 rdacontenido 
337 |a video  |b v  |2 rdamedio 
338 |a videodisco  |b vd  |2 rdasoporte 
440 1 |a (Russian Cinema Council Collection.  |p Collection Directed by... Andrei Tarkovski) 
520 |a Hijo del poeta Arseni Tarkovski, el cineasta experimentó a los tres años de edad el abandono de su padre y creció rodeado de mujeres: su hermana, su abuela y su madre, Maya Ivanova Vishniakova, quien durante la década de 1940 –en pleno estalinismo- trabajara como correctora de galeras en una imprenta e instara a su hijo a estudiar algo relacionado con el arte. Tarkovski relata estos y otros sucesos posteriores en El espejo, su cuarto largometraje, la más directamente personal de sus películas y la que mayor recelo causaría en las autoridades soviéticas. El cineasta integra poemas de su padre –que el mismo Andrei Tarkovski lee fuera de cuadro- y tomas documentales de noticieros fílmicos en una obra que no deseaba convertir en un simple recuerdo nostálgico. Con una estructura dramática abierta, Tarkovski desarrolla la película en cuatro niveles y transita de uno a otro mediante cortes directos: la vida de una persona viva (el realizador) y sus relaciones con su madre, su esposa y su hijo; los recuerdos sobre sus padres y el período estalinista; los sueños infantiles y noticieros alusivos a períodos importantes de la historia del siglo XX que repercutieron sobre la vida del artista. La subjetividad que imprime el director a la obra, calificada por Herbert Marshall como la primera historia subjetiva de un cineasta soviético en su propia película, provocó la irritación de las jerarquías fílmicas soviéticas, quienes rechazaron enviarla al Festival de Cannes, Francia de 1975. Es el único de los siete largometrajes de Tarkovski que no fue premiado en alguno de los grandes festivales de cine: La infancia de Iván obtuvo el máximo premio del Festival de Venecia en 1962, en tanto que Andrei Rúbliov, Solaris, Stalker, Nostalgia y El sacrificio recibieron importantes reconocimientos en las ediciones de 1969, 1972, 1980, 1983 y 1986 de la cita de Cannes. 
530 |a Existe una edición en formato audiovisual en VHS con el mismo título 
545 0 |a Andrei Tarkovski (Zavrazhye, antigua Unión Soviética, 1932 – París, 1986), director considerado unánimemente como el más importante cineasta ruso surgido después de la Segunda Guerra Mundial. Su breve filmografía, desarrollada la mayor parte a contracorriente de las autoridades soviéticas, encierra una impecable congruencia interna y una rigurosa búsqueda narrativa, formal y espiritual, que confronta a sus espectadores con profundas interrogantes y preocupaciones religiosas y filosóficas. La infancia de Iván (1962), su primer largometraje, fue galardonado con el León de Oro a la mejor película en el Festival de Venecia. Su ambicioso retrato del pintor Andrei Rúbliov (1966) permaneció tres años censurado antes que la Federación Internacional de la Prensa Cinematográfica (FIPRESCI) le otorgara su premio en el Festival de Cannes y tanto Solaris (1972) como Stalker (1979), ambas basadas en novelas de ciencia-ficción, fueron condecoradas en el festival francés. El espejo (1974), su filme más autobiográfico, irritó todavía más al régimen soviético. La dificultad cada vez mayor para sortear los obstáculos puestos por su propio gobierno le llevaron a exiliarse de su querida Rusia: filmó Nostalgia (1983, premio a la mejor dirección en Cannes) en Italia y El sacrificio (1986), reconocida con diversos galardones en Cannes, en Suecia. El libro Esculpir el tiempo (1986), una propuesta de teoría fílmica, una reflexión sobre su visión del cine como medio artístico y el lugar del arte en la sociedad y a la vez, un testimonio invaluable sobre su propia obra, forma también parte del legado de quien ha sido calificado numerosas veces como uno de los más grandes y genuinos poetas de la historia del cine mundial. 
546 |a En ruso, con subtítulos opcionales: español, alemán, árabe, chino, francés, hebreo, holandés, inglés, italiano, japonés, portugués, ruso, sueco 
546 |a Doblaje opcional: francés, inglés 
585 |a Exposición DIA 2023-01 / Las mejores películas de todos los tiempos según críticos y cineastas 
586 |a Mejores Películas del Cine Ruso: Encuesta de la revista Seance (2008): 4ª 
586 |a Mejores Películas de la Historia: Encuesta de la revista Sight and Sound, selección de críticos (2012): 19ª 
586 |a Mejores Películas de la Historia: Encuesta de la revista Sight and Sound, selección de críticos (2022): 31ª, ex aequo 
586 |a Mejores Películas de la Historia: Encuesta de la revista Sight and Sound, selección de cineastas (2012): 9ª 
586 |a Mejores Películas de la Historia: Encuesta de la revista Sight and Sound, selección de cineastas (2022): 8ª 
649 |a XX 
650 |a Cineastas Rusos -  |x Memorias 
650 |a Escritores Rusos 
650 |a Madres en el Cine 
650 |a Poesía en el Cine 
650 |a Poesía Rusa 
650 |a Dramas Cinematográficos 
650 |a Noticieros Fílmicos -  |z Rusia 
650 |a Cine Ruso -  |y 1970-1979 
650 |a Cine Ruso -  |y Siglo XX 
650 |a Literatura Rusa -  |y Siglo XX 
650 |a Literatura y Cine 
650 |a Relaciones Familiares 
650 |a Espejos 
650 |a Memoria y Olvido 
650 |a Subjetividad (Psicología) 
650 |a Estalinismo -  |x Historia 
650 |a Totalitarismo -  |z Rusia -  |x Historia -  |y Régimen Stalinista, 1924-1953 
650 |a Dictadura -  |z Rusia -  |x Historia -  |y Régimen Stalinista, 1924-1953 
650 |a Política -  |z Rusia -  |x Historia -  |y Régimen Stalinista, 1924-1953 
650 |a Política -  |z Rusia -  |x Historia -  |y URSS, 1922-1991 
650 |a Política -  |z Rusia -  |x Historia -  |y Siglo XX 
650 |a Rusia -  |x Historia -  |y Régimen Stalinista, 1924-1953 
650 |a Rusia -  |x Historia -  |y URSS, 1922-1991 
650 |a Rusia -  |x Historia -  |y Siglo XX 
650 |a Tarkovski, Andrei 
650 |a Tarkovski, Arseni 
650 |a Tarkovski, Familia -  |x Tema Principal 
700 |a Tarkovski, Andrei  |e (guión) 
700 |a Misharin, Alexander  |e (guión) 
700 |a Reberg, Georgy  |e (fotógrafo) 
700 |a Fomina, Nelli  |e (vestuario) 
700 |a Feiginova, Lyudmila  |e (montaje) 
700 |a Artemyev, Eduard  |e (música) 
700 |a Térejova, Margarita  |e (actuación) 
700 |a Yankovski, Oleg  |e (actuación) 
700 |a Demidova, Ala  |e (actuación) 
910 |a Fondo General 
920 |a Audiovisuales - DVDs 
940 |a Películas 
905 |a 308 
901 |a 0500072920  |b IT2  |c DVR  |u 20250521 
902 |a https://opac.biblio.iteso.mx/vufind/Record/000163223